[Event "Winnipeg TNT February op"]
[Site "Winnipeg CAN"]
[Date "2007.02.20"]
[Round "3"]
[White "Silva, T Romero"]
[Black "Van Wyk, Joseph"]
[Result "0-1"]
[WhiteElo "1903"]
[BlackElo "1921"]
[PlyCount "172"]
[GameId "2160767910718490"]
[EventDate "2007.02.06"]
[EventType "swiss"]
[EventRounds "4"]
[EventCountry "CAN"]
[SourceTitle "EXT 2019"]
[Source "ChessBase"]
[SourceDate "2018.10.10"]
[SourceVersion "1"]
[SourceVersionDate "2018.10.10"]
[SourceQuality "1"]

1. d4 d5 2. c4 e6 3. a3 c5 4. e3 Nc6 5. Nf3 Nf6 6. Nc3 a6 7. Be2 dxc4 8. Bxc4 b5 9. Be2 Bb7 10. O-O c4 11. Qc2 Na5 12. Bd2 Nb3 13. Rad1 Rc8 14. e4 Nxd4 15. Nxd4 Qxd4 16. Be3 Bxe4 17. Qc1 Qe5 18. Bd4 Qf5 19. Bxf6 gxf6 20. Nxe4 Qxe4 21. Bf3 Qe5 22. Bb7 Rc7 23. Qd2 Be7 24. Bc6+ Kf8 25. Qh6+ Kg8 26. Bf3 Qg5 27. Qh3 f5 28. Bh5 Kg7 29. f4 Qh4 30. Qf3 Rd8 31. g3 Qf6 32. Qe2 Rcd7 33. Qc2 Bc5+ 34. Kh1 Rxd1 35. Bxd1 Qd4 36. b4 cxb3 37. Qxb3 Qd5+ 38. Qxd5 Rxd5 39. a4 bxa4 40. Bxa4 a5 41. Rc1 Rd4 42. Be8 Bb6 43. Rb1 Rb4 44. Ra1 Kf8 45. Ba4 Ke7 46. Ra2 Kd6 47. Rd2+ Bd4 48. Ra2 Rb1+ 49. Kg2 Rb2+ 50. Rxb2 Bxb2 51. Be8 f6 52. Kf3 e5 53. fxe5+ fxe5 54. Ba4 Kd5 55. Bb3+ Kd4 56. Be6 e4+ 57. Ke2 Ke5 58. Bg8 h6 59. Bb3 Bd4 60. Kf1 f4 61. gxf4+ Kxf4 62. Ke2 Bg1 63. h3 Kg3 64. Be6 a4 65. Bd5 e3 66. Be6 a3 67. Kf1 Bf2 68. Ke2 h5 69. Kf1 Kf4 70. Ke2 Ke5 71. Ba2 Kd4 72. Bf7 Kc3 73. Kd1 Kb2 74. Ke2 a2 75. Bxh5 a1=Q 76. Bg4 Qa6+ 77. Kf3 Qd3 78. Kg2 e2 79. Kxf2 Kc1 80. Bxe2 Qf5+ 81. Kg2 Kd2 82. Bg4 Qf4 83. Kg1 Ke1 84. Kg2 Qf2+ 85. Kh1 Qg3 86. Bc8 Kf2 0-1

[Event "Winnipeg TNT February op"]
[Site "Winnipeg CAN"]
[Date "2007.02.27"]
[Round "4"]
[White "Booth, Kevin"]
[Black "Goodman, Clifford"]
[Result "1-0"]
[WhiteElo "1638"]
[BlackElo "1458"]
[PlyCount "99"]
[GameId "2160767910718491"]
[EventDate "2007.02.06"]
[EventType "swiss"]
[EventRounds "4"]
[EventCountry "CAN"]
[SourceTitle "EXT 2019"]
[Source "ChessBase"]
[SourceDate "2018.10.10"]
[SourceVersion "1"]
[SourceVersionDate "2018.10.10"]
[SourceQuality "1"]

1. d4 d5 2. c4 dxc4 3. e3 Nf6 4. Bxc4 Bf5 5. Qb3 e6 6. Qxb7 Be4 7. Qb5+ Bc6 8. Qg5 h6 9. Qg3 Bd6 10. Qh3 Ne4 11. f3 Ng5 12. Qh4 Nd7 13. e4 Bb4+ 14. Nc3 Nb6 15. Bb3 Qxd4 16. Nge2 Qf6 17. Bxg5 Qxg5 18. Qxg5 hxg5 19. Nd4 Bd7 20. O-O-O Bxc3 21. bxc3 c5 22. Ne2 Bb5 23. Ng3 c4 24. Bc2 Na4 25. Bxa4 Bxa4 26. Rd4 Bb5 27. e5 Ke7 28. Ne4 Rad8 29. Rxd8 Rxd8 30. Rd1 Rxd1+ 31. Kxd1 f6 32. exf6+ gxf6 33. Ke2 e5 34. Ke3 Bc6 35. Nd2 Bd5 36. g3 Kf7 37. f4 exf4+ 38. gxf4 g4 39. Kd4 Bg2 40. Nxc4 Kg6 41. Ne3 Bf3 42. c4 Kh5 43. Nd5 Be2 44. Nxf6+ Kh4 45. c5 Kh3 46. c6 Kxh2 47. Nxg4+ Bxg4 48. c7 Kg3 49. Ke5 Bc8 50. f5 1-0

[Event "Winnipeg TNT February op"]
[Site "Winnipeg CAN"]
[Date "2007.02.27"]
[Round "4"]
[White "Cleto, Sam"]
[Black "Gibbons, Michael"]
[Result "1/2-1/2"]
[WhiteElo "1910"]
[BlackElo "2063"]
[PlyCount "23"]
[GameId "2160767910718492"]
[EventDate "2007.02.06"]
[EventType "swiss"]
[EventRounds "4"]
[EventCountry "CAN"]
[SourceTitle "EXT 2019"]
[Source "ChessBase"]
[SourceDate "2018.10.10"]
[SourceVersion "1"]
[SourceVersionDate "2018.10.10"]
[SourceQuality "1"]

1. Nf3 c5 2. c4 Nc6 3. g3 g6 4. Bg2 Bg7 5. Nc3 e6 6. e4 Nge7 7. d3 d5 8. O-O dxc4 9. dxc4 Bxc3 10. bxc3 Qxd1 11. Rxd1 e5 12. Bh6 1/2-1/2

[Event "Winnipeg TNT February op"]
[Site "Winnipeg CAN"]
[Date "2007.02.27"]
[Round "4"]
[White "Gibson, Fred"]
[Black "Gibbons, Lorne"]
[Result "0-1"]
[WhiteElo "1230"]
[BlackElo "1331"]
[PlyCount "44"]
[GameId "2160767910718493"]
[EventDate "2007.02.06"]
[EventType "swiss"]
[EventRounds "4"]
[EventCountry "CAN"]
[SourceTitle "EXT 2019"]
[Source "ChessBase"]
[SourceDate "2018.10.10"]
[SourceVersion "1"]
[SourceVersionDate "2018.10.10"]
[SourceQuality "1"]

1. e4 Nc6 2. Nc3 Nf6 3. g3 e5 4. Bg2 Bc5 5. Nge2 Ng4 6. Nd5 Nxf2 7. Rf1 Nxd1 8. Kxd1 d6 9. d3 Be6 10. Nec3 Nd4 11. Bd2 c6 12. Ne3 O-O 13. Nf5 Qd7 14. Bh3 g6 15. Nh6+ Kg7 16. g4 f6 17. Ne2 Nxe2 18. Kxe2 Bxg4+ 19. Bxg4 Qd8 20. Rf3 Qb6 21. b3 Rae8 22. Rh3 d5 0-1

[Event "Winnipeg TNT February op"]
[Site "Winnipeg CAN"]
[Date "2007.02.27"]
[Round "4"]
[White "Green, Aaron"]
[Black "Reimer, Bruce"]
[Result "1/2-1/2"]
[WhiteElo "1422"]
[BlackElo "1593"]
[PlyCount "63"]
[GameId "2160767910726686"]
[EventDate "2007.02.06"]
[EventType "swiss"]
[EventRounds "4"]
[EventCountry "CAN"]
[SourceTitle "EXT 2019"]
[Source "ChessBase"]
[SourceDate "2018.10.10"]
[SourceVersion "1"]
[SourceVersionDate "2018.10.10"]
[SourceQuality "1"]

1. e4 Nf6 2. e5 Nd5 3. c4 Nb6 4. d4 d6 5. exd6 cxd6 6. Nf3 Bg4 7. Be3 Nc6 8. h3 Bh5 9. Nbd2 e6 10. Be2 Be7 11. O-O O-O 12. a3 a5 13. Qc2 f5 14. Nb3 e5 15. dxe5 dxe5 16. Rfd1 Qc7 17. Ng5 Bxg5 18. Bxg5 Bxe2 19. Qxe2 a4 20. Nd2 Nd4 21. Qd3 h6 22. Be3 Rad8 23. Bxd4 Rxd4 24. Qc2 Rfd8 25. Nf3 Rxd1+ 26. Rxd1 Rxd1+ 27. Qxd1 Nxc4 28. Qxa4 Nxb2 29. Qb3+ Nc4 30. Nxe5 Qxe5 31. Qxc4+ Kh7 32. Qb4 1/2-1/2

[Event "Winnipeg TNT February op"]
[Site "Winnipeg CAN"]
[Date "2007.02.27"]
[Round "4"]
[White "Green, Jim"]
[Black "Podmoroff, Yuri"]
[Result "1/2-1/2"]
[WhiteElo "1769"]
[BlackElo "1536"]
[PlyCount "71"]
[GameId "2160767910726687"]
[EventDate "2007.02.06"]
[EventType "swiss"]
[EventRounds "4"]
[EventCountry "CAN"]
[SourceTitle "EXT 2019"]
[Source "ChessBase"]
[SourceDate "2018.10.10"]
[SourceVersion "1"]
[SourceVersionDate "2018.10.10"]
[SourceQuality "1"]

1. e4 e5 2. Nf3 Nc6 3. Bb5 a6 4. Ba4 Bc5 5. d3 h6 6. Bxc6 dxc6 7. O-O Qd6 8. Nbd2 Nf6 9. Nc4 Qe7 10. Ncxe5 Be6 11. b3 O-O-O 12. Qe2 g5 13. Bb2 Rh7 14. d4 Bb6 15. c3 g4 16. Nxc6 Qe8 17. Nxd8 gxf3 18. Qxf3 Qxd8 19. e5 Ng8 20. Bc1 Rg7 21. g3 Qd7 22. Qf4 Qd5 23. f3 Bh3 24. Rf2 Be6 25. Qe4 Qd7 26. Qe2 h5 27. Bf4 Ne7 28. Rd1 Ng6 29. Bh6 Rg8 30. Qd2 Nh4 31. Bg5 Nf5 32. Kf1 Kb8 33. Qc1 c6 34. Qd2 Ka8 35. Qc1 a5 36. Qd2 1/2-1/2

[Event "Winnipeg TNT February op"]
[Site "Winnipeg CAN"]
[Date "2007.02.27"]
[Round "4"]
[White "Kohalmi, Andy"]
[Black "Letain, Cory"]
[Result "1-0"]
[WhiteElo "1710"]
[BlackElo "1397"]
[PlyCount "109"]
[GameId "2160767910726688"]
[EventDate "2007.02.06"]
[EventType "swiss"]
[EventRounds "4"]
[EventCountry "CAN"]
[SourceTitle "EXT 2019"]
[Source "ChessBase"]
[SourceDate "2018.10.10"]
[SourceVersion "1"]
[SourceVersionDate "2018.10.10"]
[SourceQuality "1"]

1. d4 d5 2. Nf3 Nf6 3. e3 Bf5 4. c4 c6 5. cxd5 cxd5 6. Nc3 a6 7. Qa4+ Nbd7 8. Qb3 Rb8 9. Nxd5 Nxd5 10. Qxd5 e6 11. Qb3 b5 12. Be2 Rc8 13. Bd3 Bxd3 14. Qxd3 Nc5 15. Qe2 Ne4 16. O-O Bb4 17. a3 Ba5 18. b4 Bc7 19. Bb2 O-O 20. Rac1 Qd6 21. Rc2 Ng5 22. Ne5 f6 23. Rc6 Qd5 24. Rfc1 fxe5 25. Rxc7 Rcd8 26. R7c5 Qb7 27. Rxe5 Ne4 28. f3 Nd6 29. Rcc5 Qf7 30. d5 exd5 31. Rexd5 Nc4 32. Rxd8 Rxd8 33. Bd4 Nxa3 34. Qb2 Nc4 35. Qc3 Qg6 36. Rc7 Qb1+ 37. Kf2 Qb2+ 38. Kg3 Qxc3 39. Bxc3 Nxe3 40. Rxg7+ Kf8 41. Rxh7 Rd3 42. Be5 Nc2 43. Rh4 Kf7 44. Bc7 Ke6 45. Ba5 Kd5 46. Rg4 Nd4 47. h4 Nf5+ 48. Kh3 Rd1 49. Rg5 Ke5 50. Bc7+ Kf6 51. g3 Ne3 52. g4 Rh1+ 53. Kg3 Nf1+ 54. Kg2 Rxh4 55. Rf5+ 1-0

[Event "Winnipeg TNT February op"]
[Site "Winnipeg CAN"]
[Date "2007.02.27"]
[Round "4"]
[White "Mundwiler, Les"]
[Black "Rutter, Blair"]
[Result "1-0"]
[WhiteElo "1938"]
[BlackElo "1958"]
[PlyCount "79"]
[GameId "2160767910726690"]
[EventDate "2007.02.06"]
[EventType "swiss"]
[EventRounds "4"]
[EventCountry "CAN"]
[SourceTitle "EXT 2019"]
[Source "ChessBase"]
[SourceDate "2018.10.10"]
[SourceVersion "1"]
[SourceVersionDate "2018.10.10"]
[SourceQuality "1"]

1. d4 d5 2. c4 Nf6 3. Nc3 e6 4. Nf3 Nbd7 5. Bg5 Be7 6. e3 a6 7. Rc1 c6 8. Qc2 Ng4 9. Bxe7 Qxe7 10. h3 Ngf6 11. Bd3 e5 12. cxd5 exd4 13. Nxd4 c5 14. Nf5 Qe5 15. f4 Qc7 16. Nxg7+ Kf8 17. Nf5 c4 18. Be2 Nb6 19. Rd1 Bd7 20. Bf3 Qc5 21. Kf2 Re8 22. Rhe1 Rg8 23. Rd4 Rg6 24. g4 Nc8 25. g5 Ng8 26. Bg4 Nge7 27. Nh4 Bxg4 28. Nxg6+ hxg6 29. hxg4 Kg7 30. Ne4 Qb6 31. Nf6 Rh8 32. Kg2 Nd6 33. Rh1 Nef5 34. gxf5 Nxf5 35. Qc3 Nh4+ 36. Rxh4 Rxh4 37. Rxc4 Qb5 38. Nh5+ Kf8 39. Rc8+ Ke7 40. Qf6+ 1-0

[Event "Winnipeg TNT February op"]
[Site "Winnipeg CAN"]
[Date "2007.02.27"]
[Round "4"]
[White "Oberton, Daniel"]
[Black "Pottinger, Carl"]
[Result "1-0"]
[WhiteElo "2019"]
[BlackElo "1809"]
[PlyCount "49"]
[GameId "2160767910726691"]
[EventDate "2007.02.06"]
[EventType "swiss"]
[EventRounds "4"]
[EventCountry "CAN"]
[SourceTitle "EXT 2019"]
[Source "ChessBase"]
[SourceDate "2018.10.10"]
[SourceVersion "1"]
[SourceVersionDate "2018.10.10"]
[SourceQuality "1"]

1. e4 c5 2. Nf3 d6 3. d4 cxd4 4. Nxd4 Nf6 5. Nc3 g6 6. Be3 Bg7 7. f3 O-O 8. Qd2 Nc6 9. g4 Qa5 10. Be2 Qb4 11. O-O-O Ne5 12. h4 Bd7 13. h5 Nfxg4 14. fxg4 Bxg4 15. Rdg1 Bxe2 16. Ncxe2 Qa4 17. Nc3 Qa5 18. hxg6 fxg6 19. Bh6 Nc4 20. Qd3 Qb4 21. Bxg7 Qxb2+ 22. Kd1 Qb4 23. Qh3 Kxg7 24. Qxh7+ Kf6 25. Nd5+ 1-0

[Event "Winnipeg TNT February op"]
[Site "Winnipeg CAN"]
[Date "2007.02.27"]
[Round "4"]
[White "Van Wyk, Joseph"]
[Black "Khedkar, Jay S"]
[Result "0-1"]
[WhiteElo "1921"]
[BlackElo "1963"]
[PlyCount "84"]
[GameId "2160767910726692"]
[EventDate "2007.02.06"]
[EventType "swiss"]
[EventRounds "4"]
[EventCountry "CAN"]
[SourceTitle "EXT 2019"]
[Source "ChessBase"]
[SourceDate "2018.10.10"]
[SourceVersion "1"]
[SourceVersionDate "2018.10.10"]
[SourceQuality "1"]

1. e4 Nf6 2. Nc3 d5 3. e5 Nfd7 4. d4 Nb6 5. f4 e6 6. Be3 N8d7 7. Nf3 Be7 8. Bd3 c5 9. O-O cxd4 10. Bxd4 Nc5 11. Bxc5 Bxc5+ 12. Kh1 Bd7 13. Qe2 Qe7 14. a3 d4 15. Ne4 Nd5 16. Nfg5 h6 17. Nxc5 Qxc5 18. Ne4 Qb6 19. Nd6+ Ke7 20. Qh5 Raf8 21. Nc4 Qc7 22. f5 exf5 23. Qh4+ g5 24. Qxd4 Nf4 25. Nd6 Qc6 26. Rf2 Rd8 27. Bxf5 Bxf5 28. Nxf5+ Ke6 29. Ng7+ Ke7 30. Qb4+ Kd7 31. Rd1+ Kc8 32. Rd6 Rxd6 33. exd6 Qd5 34. Qc3+ Kb8 35. Qc7+ Ka8 36. h3 Qe5 37. Qe7 Qxg7 38. g3 Qd4 39. gxf4 Qxf2 40. d7 Qf1+ 41. Kh2 Qxf4+ 42. Kg2 Qb8 0-1

[Event "Winnipeg TNT February op"]
[Site "Winnipeg CAN"]
[Date "2007.02.27"]
[Round "4"]
[White "Wierda, John"]
[Black "Essery, Richard"]
[Result "0-1"]
[WhiteElo "1781"]
[BlackElo "1675"]
[PlyCount "83"]
[GameId "2160767910726693"]
[EventDate "2007.02.06"]
[EventType "swiss"]
[EventRounds "4"]
[EventCountry "CAN"]
[SourceTitle "EXT 2019"]
[Source "ChessBase"]
[SourceDate "2018.10.10"]
[SourceVersion "1"]
[SourceVersionDate "2018.10.10"]
[SourceQuality "1"]

1. e4 d5 2. exd5 Qxd5 3. Nf3 Bg4 4. Be2 Nf6 5. Nc3 Qa5 6. h3 Bh5 7. O-O c6 8. Re1 e6 9. d3 Bd6 10. Bg5 Nbd7 11. a3 Bxf3 12. Bxf6 Bxe2 13. Qxe2 Nxf6 14. Ne4 Nxe4 15. Qxe4 O-O 16. b4 Qc7 17. Re3 a5 18. c3 axb4 19. cxb4 Ra4 20. Qd4 Rfa8 21. Qb2 Bxb4 22. Rg3 g6 23. d4 Qe7 24. Rb1 Bd6 25. Rb3 b5 26. g3 Rxa3 27. Qc2 Rxb3 28. Rxb3 Ra3 29. Rxa3 Bxa3 30. Qxc6 b4 31. d5 exd5 32. Qa8+ Kg7 33. Qxd5 Qe1+ 34. Kg2 Qc3 35. Qa5 Bc1 36. Kf1 Bd2 37. Ke2 b3 38. Qxc3+ Bxc3 39. Kd3 b2 40. Kc2 Kf6 41. f3 g5 42. Kb1 0-1

[Event "Winnipeg TNT January op"]
[Site "Winnipeg CAN"]
[Date "2007.01.09"]
[Round "1"]
[White "Adol, Deng"]
[Black "Gibbons, Lorne"]
[Result "1-0"]
[WhiteElo "1783"]
[BlackElo "1338"]
[PlyCount "30"]
[GameId "2160767910735256"]
[EventDate "2007.01.09"]
[EventType "swiss"]
[EventRounds "4"]
[EventCountry "CAN"]
[SourceTitle "EXT 2008"]
[Source "ChessBase"]
[SourceDate "2007.11.25"]
[SourceVersion "1"]
[SourceVersionDate "2007.11.25"]
[SourceQuality "1"]

1. e4 e5 2. Bc4 Nf6 3. d3 h6 4. Nf3 Nc6 5. a3 Bc5 6. O-O d6 7. Be3 Bxe3 8. fxe3 Qe7 9. Nh4 Be6 10. Nf5 Bxf5 11. Rxf5 O-O 12. Nc3 Rfe8 13. Nd5 Nxd5 14. Bxd5 Nd8 15. Qg4 Qd7 1-0

[Event "Winnipeg TNT January op"]
[Site "Winnipeg CAN"]
[Date "2007.01.09"]
[Round "1"]
[White "Crawford, Gary"]
[Black "Green, Jim"]
[Result "0-1"]
[WhiteElo "1323"]
[BlackElo "1769"]
[PlyCount "64"]
[GameId "2160767910735258"]
[EventDate "2007.01.09"]
[EventType "swiss"]
[EventRounds "4"]
[EventCountry "CAN"]
[SourceTitle "EXT 2008"]
[Source "ChessBase"]
[SourceDate "2007.11.25"]
[SourceVersion "1"]
[SourceVersionDate "2007.11.25"]
[SourceQuality "1"]

1. a3 g6 2. e4 Bg7 3. d4 d6 4. h3 Nd7 5. Bb5 a6 6. Ba4 b5 7. Bb3 Bb7 8. Qf3 Ngf6 9. d5 O-O 10. Nc3 Nc5 11. Ba2 Rc8 12. Nge2 c6 13. O-O Ncd7 14. Bf4 Nb6 15. Rac1 c5 16. b4 cxb4 17. axb4 Nfd7 18. Bb3 Nc4 19. Rfd1 Qb6 20. Nb1 Nce5 21. Qg3 a5 22. bxa5 Qxa5 23. Nd2 Qb6 24. Nf3 Nxf3+ 25. Qxf3 f6 26. Rb1 Ne5 27. Qg3 Nc4 28. Ba4 Nb2 29. Qb3 Nxd1 30. Rxd1 Qc5 31. Be3 bxa4 32. Qxb7 Qc7 0-1

[Event "Winnipeg TNT January op"]
[Site "Winnipeg CAN"]
[Date "2007.01.09"]
[Round "1"]
[White "Essery, Richard"]
[Black "Tang, Edward"]
[Result "0-1"]
[WhiteElo "1675"]
[BlackElo "2099"]
[PlyCount "58"]
[GameId "2160767910735259"]
[EventDate "2007.01.09"]
[EventType "swiss"]
[EventRounds "4"]
[EventCountry "CAN"]
[SourceTitle "EXT 2008"]
[Source "ChessBase"]
[SourceDate "2007.11.25"]
[SourceVersion "1"]
[SourceVersionDate "2007.11.25"]
[SourceQuality "1"]

1. d4 Nf6 2. Nf3 g6 3. Bf4 Bg7 4. e3 O-O 5. Bd3 d6 6. Nbd2 c6 7. Qe2 Nd5 8. c3 Nxf4 9. exf4 c5 10. dxc5 dxc5 11. O-O-O Qc7 12. g3 Nc6 13. h4 Be6 14. Bc4 Bf5 15. Bd3 Bxd3 16. Qxd3 Rfd8 17. Qe3 Nd4 18. h5 b5 19. Kb1 Nf5 20. Qe2 c4 21. hxg6 hxg6 22. g4 Nd6 23. Ne5 b4 24. b3 cxb3 25. Nxb3 bxc3 26. Qc2 Nb5 27. Rxd8+ Rxd8 28. Qc1 c2+ 29. Kb2 Qc3# 0-1

[Event "Winnipeg TNT January op"]
[Site "Winnipeg CAN"]
[Date "2007.01.09"]
[Round "1"]
[White "Kohalmi, Andy"]
[Black "Lipnowski, Samuel"]
[Result "0-1"]
[WhiteElo "1710"]
[BlackElo "2268"]
[PlyCount "45"]
[GameId "2160767910735260"]
[EventDate "2007.01.09"]
[EventType "swiss"]
[EventRounds "4"]
[EventCountry "CAN"]
[SourceTitle "EXT 2008"]
[Source "ChessBase"]
[SourceDate "2007.11.25"]
[SourceVersion "1"]
[SourceVersionDate "2007.11.25"]
[SourceQuality "1"]

1. Nf3 c5 2. c4 g6 3. Nc3 Bg7 4. g3 Nc6 5. Bg2 Nf6 6. d3 O-O 7. O-O d5 8. cxd5 Nxd5 9. Nxd5 Qxd5 10. a3 Qh5 11. Rb1 Bg4 12. Re1 Bf6 13. Qc2 Rac8 14. Kh1 Rfd8 15. b3 Bxf3 16. Bxf3 Nd4 17. Qd1 Nxf3 18. exf3 Qd5 19. Re2 Qxf3+ 20. Kg1 Rxd3 21. Qc2 Rcd8 22. Rd2 Rxd2 23. Bxd2 0-1

[Event "Winnipeg TNT January op"]
[Site "Winnipeg CAN"]
[Date "2007.01.09"]
[Round "1"]
[White "Letain, Cory"]
[Black "Pottinger, Carl"]
[Result "0-1"]
[WhiteElo "1397"]
[BlackElo "1809"]
[PlyCount "88"]
[GameId "2160767910739358"]
[EventDate "2007.01.09"]
[EventType "swiss"]
[EventRounds "4"]
[EventCountry "CAN"]
[SourceTitle "EXT 2008"]
[Source "ChessBase"]
[SourceDate "2007.11.25"]
[SourceVersion "1"]
[SourceVersionDate "2007.11.25"]
[SourceQuality "1"]

1. c4 c5 2. Nc3 g6 3. g3 Bg7 4. Bg2 Nf6 5. Nf3 Nc6 6. O-O O-O 7. d3 d5 8. cxd5 Nxd5 9. Nxd5 Qxd5 10. Ng5 Qd7 11. Be3 Bxb2 12. Qa4 Nd4 13. Qxd7 Nxe2+ 14. Kh1 Bxd7 15. Rab1 Bd4 16. Rxb7 Bf5 17. Rxe7 Rad8 18. Ne4 Bxe3 19. fxe3 Rxd3 20. Nxc5 Ra3 21. Bd5 Ra5 22. Rc7 Rd8 23. e4 Rxd5 24. Rxf5 Rd1+ 25. Kg2 gxf5 26. exf5 Rc1 27. Re7 Raxc5 28. f6 Rc8 29. a4 Nc3 30. Rxa7 Nd5 31. a5 Nxf6 32. a6 Ra1 33. Kh3 Rc6 34. Ra8+ Kg7 35. a7 Rca6 36. g4 Rxa7 37. Rxa7 Rxa7 38. Kh4 Kg6 39. h3 Ra4 40. Kg3 h5 41. gxh5+ Kxh5 42. h4 Rxh4 43. Kf2 Ne4+ 44. Ke3 f5 0-1

[Event "Winnipeg TNT January op"]
[Site "Winnipeg CAN"]
[Date "2007.01.09"]
[Round "1"]
[White "Mundwiler, Les"]
[Black "Wood, Nathaniel"]
[Result "1-0"]
[WhiteElo "1938"]
[BlackElo "1646"]
[PlyCount "51"]
[GameId "2160767910739360"]
[EventDate "2007.01.09"]
[EventType "swiss"]
[EventRounds "4"]
[EventCountry "CAN"]
[SourceTitle "EXT 2008"]
[Source "ChessBase"]
[SourceDate "2007.11.25"]
[SourceVersion "1"]
[SourceVersionDate "2007.11.25"]
[SourceQuality "1"]

1. d4 Nf6 2. c4 e6 3. Nf3 b6 4. g3 Bb7 5. Bg2 d6 6. O-O Be7 7. Nc3 Nbd7 8. Qc2 c5 9. e3 cxd4 10. exd4 Rc8 11. b3 d5 12. Ne5 Nxe5 13. dxe5 Ng4 14. Qe2 h5 15. h3 Nh6 16. Bxh6 Rxh6 17. Rad1 Qc7 18. Nb5 Qc5 19. Nxa7 Ra8 20. Nb5 Ba6 21. Nd6+ Bxd6 22. exd6 Kd7 23. Rxd5 exd5 24. Qe7+ Kc8 25. d7+ Kb7 26. Bxd5+ 1-0

[Event "Winnipeg TNT January op"]
[Site "Winnipeg CAN"]
[Date "2007.01.09"]
[Round "1"]
[White "Prince, Colin"]
[Black "Wasserman, Leor"]
[Result "1-0"]
[WhiteElo "1866"]
[BlackElo "1537"]
[PlyCount "69"]
[GameId "2160767910739361"]
[EventDate "2007.01.09"]
[EventType "swiss"]
[EventRounds "4"]
[EventCountry "CAN"]
[SourceTitle "EXT 2008"]
[Source "ChessBase"]
[SourceDate "2007.11.25"]
[SourceVersion "1"]
[SourceVersionDate "2007.11.25"]
[SourceQuality "1"]

1. e4 e5 2. Nf3 Nc6 3. Bc4 Be7 4. d4 exd4 5. Nxd4 d6 6. O-O Nf6 7. Nc3 O-O 8. f4 Na5 9. Bd3 Nc6 10. Nde2 a6 11. h3 Nb4 12. Bc4 Be6 13. Bb3 Bxb3 14. axb3 Qd7 15. Ng3 Rfe8 16. Be3 Rad8 17. Qe2 d5 18. Rad1 h6 19. Rd2 c5 20. e5 Nh7 21. Bf2 d4 22. Nce4 f5 23. Qc4+ Kh8 24. Nxc5 Bxc5 25. Qxc5 Nc6 26. c3 d3 27. Rfd1 Qe6 28. Qb6 g5 29. Rxd3 Rxd3 30. Rxd3 gxf4 31. Rd6 Qxe5 32. Rxc6 bxc6 33. Bd4 Qxd4+ 34. Qxd4+ Kg8 35. Nxf5 1-0

[Event "Winnipeg TNT January op"]
[Site "Winnipeg CAN"]
[Date "2007.01.09"]
[Round "1"]
[White "Reimer, Bruce"]
[Black "Khedkar, Jay S"]
[Result "0-1"]
[WhiteElo "1593"]
[BlackElo "1963"]
[PlyCount "78"]
[GameId "2160767910739362"]
[EventDate "2007.01.09"]
[EventType "swiss"]
[EventRounds "4"]
[EventCountry "CAN"]
[SourceTitle "EXT 2008"]
[Source "ChessBase"]
[SourceDate "2007.11.25"]
[SourceVersion "1"]
[SourceVersionDate "2007.11.25"]
[SourceQuality "1"]

1. e4 c5 2. f4 Nc6 3. Nc3 e6 4. Nf3 d6 5. Bb5 Nf6 6. Bxc6+ bxc6 7. O-O Be7 8. d3 Qc7 9. Qe1 Nd7 10. f5 Ne5 11. Nxe5 dxe5 12. Qg3 Bf6 13. Bg5 Bxg5 14. Qxg5 f6 15. Qe3 Qd6 16. fxe6 Bxe6 17. Na4 Qd4 18. Qxd4 cxd4 19. Nc5 Bc8 20. Rfc1 Rb8 21. Rab1 Rb5 22. b4 a5 23. a3 Ke7 24. c4 dxc3 25. Rxc3 Kd6 26. Kf2 Bg4 27. h3 Bh5 28. g4 Bf7 29. Rc2 h5 30. a4 Rxb4 31. Rxb4 axb4 32. Nb7+ Kc7 33. Na5 Kb6 34. Nc4+ Bxc4 35. Rxc4 c5 36. Rc1 hxg4 37. hxg4 Rh2+ 38. Ke3 b3 39. Rb1 b2 0-1

[Event "Winnipeg TNT January op"]
[Site "Winnipeg CAN"]
[Date "2007.01.09"]
[Round "1"]
[White "Rutter, Blair"]
[Black "Anderson, George"]
[Result "1-0"]
[WhiteElo "1958"]
[BlackElo "1539"]
[PlyCount "44"]
[GameId "2160767910739363"]
[EventDate "2007.01.09"]
[EventType "swiss"]
[EventRounds "4"]
[EventCountry "CAN"]
[SourceTitle "EXT 2008"]
[Source "ChessBase"]
[SourceDate "2007.11.25"]
[SourceVersion "1"]
[SourceVersionDate "2007.11.25"]
[SourceQuality "1"]

1. c4 e6 2. g3 c6 3. Bg2 Nf6 4. e4 d5 5. cxd5 cxd5 6. e5 Nfd7 7. d4 Qb6 8. Ne2 Nc6 9. O-O f6 10. exf6 Nxf6 11. Nbc3 a6 12. Re1 Be7 13. Nf4 Nxd4 14. Be3 Bc5 15. Na4 Qc6 16. Nxc5 Nf5 17. Rc1 Nxe3 18. Rxe3 O-O 19. Ncxe6 Ng4 20. Rxc6 Nxe3 21. fxe3 bxc6 22. Nxf8 Kxf8 1-0

[Event "Winnipeg TNT January op"]
[Site "Winnipeg CAN"]
[Date "2007.01.09"]
[Round "1"]
[White "Wiebe, Daniel"]
[Black "Van Wyk, Joseph"]
[Result "0-1"]
[WhiteElo "1581"]
[BlackElo "1921"]
[PlyCount "86"]
[GameId "2160767910739364"]
[EventDate "2007.01.09"]
[EventType "swiss"]
[EventRounds "4"]
[EventCountry "CAN"]
[SourceTitle "EXT 2008"]
[Source "ChessBase"]
[SourceDate "2007.11.25"]
[SourceVersion "1"]
[SourceVersionDate "2007.11.25"]
[SourceQuality "1"]

1. e4 c6 2. d4 d5 3. Nc3 dxe4 4. Nxe4 Bf5 5. Ng3 Bg6 6. Nf3 Nd7 7. Bf4 e6 8. Bd3 Bxd3 9. Qxd3 Ngf6 10. Ne4 Nxe4 11. Qxe4 Nf6 12. Qe5 Nd5 13. O-O Nxf4 14. Qxf4 Bd6 15. Qg5 Qxg5 16. Nxg5 Be7 17. Nf3 Rd8 18. Rfe1 g5 19. Rad1 h5 20. Re3 g4 21. Ne5 Bg5 22. Rb3 Bf4 23. Nc4 b6 24. g3 Bb8 25. Rdd3 h4 26. Nxb6 axb6 27. Rxb6 hxg3 28. fxg3 Ba7 29. Rxc6 Rxd4 30. Rxd4 Bxd4+ 31. Kg2 Bxb2 32. Rc8+ Ke7 33. Rxh8 Bxh8 34. h4 gxh3+ 35. Kxh3 Kd6 36. g4 Kc5 37. Kg3 Kd4 38. Kf3 Kc3 39. a4 Kxc2 40. a5 Kd3 41. a6 Bd4 42. g5 e5 43. Kg2 e4 0-1